000 00859nas a2200277 4500
001 BR9100623
003 BR-BrBNA
005 20231205091919.0
007 ta
008 230509b bl.|||p| |||| 00| 00por d
040 _aBR-BrBNA
_bpor
_cBiblioteca Nacional de Agricultura
041 _a(Pt)
072 _aP32; P11; P30
100 1 _aOtto, S.R.L.
100 1 _aLoureiro, B.T.
100 1 _aFerreira, P.A.
100 1 _aFernandes, B.
100 1 _aCecon, P.R.
245 1 _aRelacao entre profundidade e propriedades de um solo organico de Aracruz, Espirito Santo
_bParte de tese
650 _aSOLO ORGANICO
650 _aCONDUTIVIDADE HIDRAULICA
650 _aPOROSIDADE
773 0 _tRevista Ceres (Brazil)
_xISSN 0034-737X
_g(Sep-Oct 1989), v. 36(207) p. 406-413
_wBR9100623
909 _a202311
_bLúcia
_c55
_dLúcia Elande
942 _2AGRIS
_n0
_cANA
999 _c128118
_d128118